[Event "St Veit op-B 38th"]
[Site "St Veit"]
[Date "2019.07.08"]
[Round "4"]
[White "Sovago, Philipp"]
[Black "Huber, Mario"]
[Result "1/2-1/2"]
[WhiteElo "1898"]
[BlackElo "1942"]
[PlyCount "80"]
[EventDate "2019.07.06"]
[EventType "swiss"]
[EventRounds "9"]
[EventCountry "AUT"]
[SourceTitle "EXT 2021"]
[Source "ChessBase"]
[SourceDate "2020.10.23"]
[SourceVersion "1"]
[SourceVersionDate "2020.10.23"]
[SourceQuality "1"]

1. d4 d5 2. c4 e6 3. Nf3 Nf6 4. Bg5 Be7 5. Nc3 Nbd7 6. e3 0-0 7. Rc1 c5 8. cxd5 cxd4 9. Qxd4 Nxd5 10. Bxe7 Nxe7 11. Be2 a6 12. 0-0 Nf5 13. Qb4 Qe7 14. Qxe7 Nxe7 15. Rfd1 b5 16. Ne4 Nf6 17. Nxf6+ gxf6 18. e4 Ng6 19. Rc7 Rb8 20. Nd4 Bb7 21. Nc6 Rbc8 22. Ne7+ Nxe7 23. Rxb7 Ng6 24. Rbd7 Rc2 25. R7d2 Rfc8 26. g3 Kg7 27. f4 Rc1 28. Kf2 R8c2 29. Ke3 Ne7 30. Kd3 Rxd2+ 31. Kxd2 Rc5 32. Rc1 Rxc1 33. Kxc1 f5 34. Bd3 fxe4 35. Bxe4 f5 36. Bb7 a5 37. Kd2 Kf6 38. a3 e5 39. fxe5+ Kxe5 40. Ke3 h6 1/2-1/2